| 000 | 00835nam a2200241 i 4500 | ||
|---|---|---|---|
| 001 | 145767 | ||
| 003 | ES-MaACL | ||
| 005 | 20250727063144.0 | ||
| 007 | t| | ||
| 008 | 071016s1969 sp ||||1| spa d | ||
| 080 | _a 331.822/.823 | ||
| 080 | _a613.6(075.3) | ||
| 100 | 1 |
_aRodríguez Verastegui, Nicolás _c(S.I.), _d-2010 _eaut _9113978 |
|
| 245 | 1 | 0 |
_aHigiene y seguridad en el trabajo : _bsegundo curso del grado de aprendizaje industrial / _cNicolás R. Verástegui. |
| 260 |
_aLeón : _bEverest, _c[1969] |
||
| 300 |
_a222 páginas : _bilustraciones (color) ; _c21 cm |
||
| 650 | 7 |
_aSeguridad industrial _2embne _917017 |
|
| 650 | 7 |
_aHigiene industrial _2embne _913353 |
|
| 852 |
_aES-MaACL _bR.71251 _cDEPO2 _jC-48346 |
||
| 942 |
_2udc _cMONOGRAFIA _n0 |
||
| 999 |
_c145767 _d145767 |
||